| 000 | 00666 a2200169 4500 | ||
|---|---|---|---|
| 003 | Nust | ||
| 005 | 20230704131441.0 | ||
| 040 | _cNust | ||
| 082 | _a808.81,HAM | ||
| 100 |
_aHardy, Thomas _927910 |
||
| 245 |
_aWeSsex and past & Present Poems / _cThomas Hardy |
||
| 260 |
_aLondon _bMacmillan and co |
||
| 300 | _a490:p | ||
| 505 | _aThe Temporarily the All (Page-1), Poems of the Past and The present (Page-231), Poems of Pilgrimage (Page-269), The bedridden peasant to an un knowing God (Page-333), The caged thrush freed and home again (Page-391), Imitations, etc (Page-473), Retrospect (Page-483). | ||
| 650 |
_apoetry _929982 |
||
| 942 |
_2ddc _cBK _k808.81,HAM |
||
| 999 |
_c186754 _d186754 |
||